| 000 | 01258cam a2200325 4500 | ||
|---|---|---|---|
| 001 | 2526 | ||
| 005 | 20181127165240.0 | ||
| 008 | 030822s2004 nyu 000 1 eng | ||
| 020 | _a0393978621 (pbk.) | ||
| 100 | 1 |
_aDefoe, Daniel, _d1661?-1731. |
|
| 240 | 1 | 0 | _aFortunes and misfortunes of the famous Moll Flanders |
| 245 | 1 | 0 |
_aMoll Flanders : _ban authoritative text, contexts, criticism / _cDaniel Defoe ; edited by Albert J. Rivero. |
| 260 |
_aNew York : _bW.W. Norton, _cc2004. |
||
| 300 |
_axi, 525 p. ; _c22 cm. |
||
| 440 | 2 | _aA Norton critical edition | |
| 504 | _aIncludes bibliographical references (p. 523-525). | ||
| 600 | 1 | 0 |
_aDefoe, Daniel, _d1661?-1731. _tFortunes and misfortunes of the famous Moll Flanders. |
| 650 | 0 |
_aBritish _zVirginia _vFiction. |
|
| 650 | 0 |
_aChildren of prisoners _vFiction. |
|
| 650 | 0 |
_aCriminals _vFiction. |
|
| 650 | 0 |
_aProstitutes _vFiction. |
|
| 650 | 0 |
_aRepentance _vFiction. |
|
| 650 | 0 |
_aWomen _zEngland _vFiction. |
|
| 651 | 0 |
_aLondon (England) _vFiction. |
|
| 651 | 0 |
_aVirginia _vFiction. |
|
| 655 | 7 |
_aAdventure fiction. _2gsafd |
|
| 655 | 7 |
_aPicaresque literature. _2gsafd |
|
| 700 | 1 |
_aRivero, Albert J., _d1953- |
|
| 856 |
_a _uhttp://www.gutenberg.org/files/18112/18112-h/18112-h.htm _yMoll Flanders _z _3 |
||
| 999 |
_c2012 _d2012 |
||